- Blanco, José Joaquín,
Entry Nombre Personal
001 - NUMERO DE CONTROL
- campo de control: 31032
003 - IDENTIFICADOR DE NUMERO DE CONTROL
- campo de control: UPN
005 - FECHA Y HORA DE LA ÜLTIMA TRANSACCIÓN
- campo de control: 20230303113929.0
008 - DATOS DE LONGITUD FIJA
- campo de control de longitud fija: nabaccnnaabn|||||||||| b |nc|||||d
010 ## - NÚMERO DE CONTROL DE LA BIBLIOTECA DEL CONGRESO
- Número de control LC: n 78057675
- Número de Control LC Cancelado/inválido: n 84229364
035 ## - NUMERO DE CONTROL
- Número de control: (OCoLC)oca00193411
040 ## - FUENTE DE CATALOGACIÓN
- Lenguaje de catalogación: spa
- Agencia de transcripción: DLC
- Agencia original de catalogación: DLC
- Agencia que lo modifica: DLC
- Agencia que lo modifica: OCoLC
- Agencia que lo modifica: ICU
- Agencia que lo modifica: UPB
046 ## - FECHAS CON CODIFICACIÓN ESPECIAL
- Fecha de nacimiento: 1951
053 #4 - NÚMERO DE CLASIFICACIÓN LC
- Número de clasificación elemento-número único o número inicial de tramo: PQ7298.12 L3
100 1# - ENCABEZAMIENTO - NOMBRE PERSONAL
- Nombre personal: Blanco, José Joaquín,
- Fechas asociadas con el nombre: 1951-
375 ## - GÉNERO
- Gender: masculino
377 ## - LENGUA ASOCIADA
- Language code: spa
378 ## - FORMA COMPLETA DE NOMBRE PERSONAL
- Fuller form of personal name: Blanco Alfaro
400 1# - VEÁSE - NOMBRE DE PERSONA
- Personal name: Blanco Alfaro, José Joaquín,
- Dates associated with a name: 1951-
400 1# - VEÁSE - NOMBRE DE PERSONA
- Personal name: Alfaro, José Joaquín Blanco,
- Dates associated with a name: 1951-
670 ## - FUENTE EN LA QUE SE LOCALIZARON DATOS
- Cita de la fuente: LC
670 ## - FUENTE EN LA QUE SE LOCALIZARON DATOS
- Cita de la fuente: En su obra: Se llamaba ... 1977:
- Información localizada: portada (José Joaquín Blanco) página 4 de la cubierta (n. México, 1951)
670 ## - FUENTE EN LA QUE SE LOCALIZARON DATOS
- Cita de la fuente: En su obra: Mariano Azuela, una crítica de la Revolución Mexicana, 1982:
- Información localizada: portada (José Joaquín Blanco Alfaro)
670 ## - FUENTE EN LA QUE SE LOCALIZARON DATOS
- Cita de la fuente: En su obra: Crónica de la lit. reciente en México ... 1982:
- Información localizada: portada (José Joaquín Blanco) página 7, etc. (writes about M. Azuela and J. Vasconcelos)
680 ## - NOTA PUBLICA DE ACCESO PÚBLICO
- Frase explicativa de la referencia: Poeta, narrador, ensayista y traductor mexicano
902 ## - CATALOGADOR
- Catalogador: CAA/060611
902 ## - CATALOGADOR
- Catalogador: NDAF/030323
